000 00761nam a2200265 i 4500
001 000009496
003 DO-SdBNP
005 20251127094244.0
007 ta
008 090930s1981 dr a r 001 0 spa d
040 _aDO-SdBNP
_bspa
_cBNPHU
_erda
041 _aspa
082 4 _axxx
_bC334e
_222
100 1 _aCasado, Lucio
_eautor
_96670
245 1 0 _aPrincipios de economía política /
_cLucio Casado.
250 _aSéptima edición
264 _aSanto Domingo :
_bColegial Quisqueyana,
_c1981.
300 _a228 páginas :
_bilustraciones ;
_c23 cm.
336 _ardacontent
_btexto
_2txt
337 _ardamedia
_bsin mediación
_2n
338 _ardacarrier
_bvolumen
_2nc
590 _aInventariado, 2020/BT
910 _aBTavárez
942 _2ddc
_cLBS1
999 _c9256
_d9256